ბათუმის შოთა რუსთაველის სახელმწიფო უნივერსიტეტის ბიბლიოთეკა

კვების მრეწველობის საწარმოთა ტექნოლოგიური მოწყობილობების გაანგარიშება და კონსტრუირების საფუძვლები : (ბიბ.ჩანაწერი № 39680)

000 -ლიდერი
ფიქსირებული სიგრძის საკონტროლო ველი 01354nam a2200229Ia 4500
001 - საკონტროლო ნომერი
საკონტროლო ველი 6283
003 - საკონტროლო ნომრის იდენტიფიკატორი
საკონტროლო ველი GE_BSU
005 - ბოლო ოპერაციის თარიღი და დრო
საკონტროლო ველი 20190514214547.0
008 - ფიქსირებული სიგრძის მონაცემთა ელემენტები - ზოგადი ინფორმაცია
ფიქსირებული სიგრძის საკონტროლო ველი 181216s1972||||ge |||||||||||||| ||geo||
040 ## - კატალოგიზაციის წყარო
Transcribing agency GE_BSU
041 ## - ენის კოდი
Language code of text/sound track or separate title geo
080 ## - უნივერსალური ათობითი კლასიფიკაციის ინდექსი
Universal Decimal Classification number 664.05(075.8) კ-17
100 ## - მთავარი ჩანაწერი - პიროვნების სახელი
Personal name კაკალაშვილი, ა.
9 (RLIN) 1174
245 ## - ცნობა სათაურის შესახებ
Title კვების მრეწველობის საწარმოთა ტექნოლოგიური მოწყობილობების გაანგარიშება და კონსტრუირების საფუძვლები :
Remainder of title სახელმძღვ. /
Statement of responsibility, etc ა. კაკალაშვილი ; რედ. ლ. მაღულარია.
264 ## - წარმოების, გამოცემის, დისტრიბუციის და სხვა ცნობები
გამოცემის, წარმოების, დისტრიბუციის... ადგილი თბილისი :
გამოცემის, წარმოების, დისტრიბუციის... სახელწოდება განათლება,
გამოცემის, წარმოების, დისტრიბუციის... თარიღი 1972.
300 ## - ფიზიკური აღწერა
Extent 376 გვ. :
Other physical details ილ. ;
Dimensions 22 სმ.
504 ## - BIBLIOGRAPHY, ETC. NOTE
Bibliography, etc ბიბლიოგრ. : გვ.369-372.
653 ## - INDEX TERM--UNCONTROLLED
Uncontrolled term კვების მრეწველობის საწარმოთა ტექნოლოგიური მოწყობილობების გაანგარიშება და კონსტრუირება
653 ## - INDEX TERM--UNCONTROLLED
Uncontrolled term კვების მრეწველობა
700 ## - ADDED ENTRY--PERSONAL NAME
Personal name მაღულარია, ლ.
Relator term რედაქტორი
9 (RLIN) 648
942 ## - ADDED ENTRY ELEMENTS (KOHA)
Koha item type წიგნი
Source of classification or shelving scheme
ეგზემპლარები
ჩამოწერის სტატუსი დაკარგული ეგზემპლარის სტატუსი კლასიფიკაციის წყარო ან თაროზე გაწყობის სქემა დაზიანების სტატუსი არ გაიცემა მუდმივი მდებარეობა (დაცვის ადგილი) ამჟამინდელი ადგილსამყოფელი თაროზე განთავსების ადგილი შეძენის თარიღი ღირებულება, შესყიდვის ნორმალური ფასი სრული შენახვის შიფრი შტრიხკოდი ბოლო ოპერაციის თარიღი ეგზემპლარის მიმდევრობითი ნომერი (კეტერი?) ფასის ძალაში შესვლის თარიღი ეგზემპლარის სახეობა საჯარო შენიშვნა
          ტექნოლოგიური ფაკულტეტის ბიბლიოთეკა ტექნოლოგიური ფაკულტეტის ბიბლიოთეკა წიგნსაცავი 2018-12-17 1.92 664.05(075.8) კ-17 11846 2018-12-17 11846 2018-12-17 წიგნი 1.92 ლ.
          ტექნოლოგიური ფაკულტეტის ბიბლიოთეკა ტექნოლოგიური ფაკულტეტის ბიბლიოთეკა წიგნსაცავი 2018-12-17 1.92 664.05(075.8) კ-17 11847 2018-12-17 11847 2018-12-17 წიგნი 1.92 ლ.
          ტექნოლოგიური ფაკულტეტის ბიბლიოთეკა ტექნოლოგიური ფაკულტეტის ბიბლიოთეკა წიგნსაცავი 2018-12-17 1.92 664.05(075.8) კ-17 11848 2018-12-17 11848 2018-12-17 წიგნი 1.92 ლ.